Cartas a quien pretende enseñar /
Guardado en:
| Autor Principal: | |
|---|---|
| Formato: | Libro |
| Publicado: |
Buenos Aires: Siglo Xxi Editores Argentina,
2004
|
| Edición: | 2a. reimp. |
| Series: | Educación
|
| Materias: | |
| Etiquetas: |
Agregar Etiqueta
Sin Etiquetas, Sea el primero en etiquetar este registro!
|
| LEADER | 00592nam a22002175a 4500 | ||
|---|---|---|---|
| 001 | CEM.cems014011 | ||
| 008 | 130507s2004##################000#0#####d | ||
| 005 | 20210705172257.0 | ||
| 003 | CEMS | ||
| 245 | 1 | 0 | |a Cartas a quien pretende enseñar / |c Paulo Freire |
| 250 | |a 2a. reimp. | ||
| 260 | |a Buenos Aires: Siglo Xxi Editores Argentina, |c 2004 | ||
| 300 | |a 160 p. | ||
| 490 | 0 | |a Educación | |
| 590 | |a 1124.013 | ||
| 020 | |a 9871105126 | ||
| 100 | 1 | |a Freire, Paulo | |
| 653 | |a Educación | ||
| 653 | |a Pedagogía | ||
| 653 | |a Biblioteca TC | ||
| 859 | |a CEMS |b BIB. CEMS - 11 de abril |h TC |p 1124.013 |t Ej.1 | ||
